<?xml version="1.0" encoding="UTF-8"?>
<record
    xmlns:xsi="http://www.w3.org/2001/XMLSchema-instance"
    xsi:schemaLocation="http://www.loc.gov/MARC21/slim http://www.loc.gov/standards/marcxml/schema/MARC21slim.xsd"
    xmlns="http://www.loc.gov/MARC21/slim">

  <leader>01482nam a2200229 a 4500</leader>
  <controlfield tag="001">1310310</controlfield>
  <controlfield tag="003">CO-MqBPB</controlfield>
  <controlfield tag="005">20220706082313.0</controlfield>
  <controlfield tag="008">111128s2011    sp a   jr     0001j spa d</controlfield>
  <datafield tag="020" ind1=" " ind2=" ">
    <subfield code="a">9789585342460</subfield>
  </datafield>
  <datafield tag="040" ind1=" " ind2=" ">
    <subfield code="a">CO-BoBLA </subfield>
    <subfield code="b">spa </subfield>
    <subfield code="c">CO-BoBLA</subfield>
  </datafield>
  <datafield tag="041" ind1="1" ind2=" ">
    <subfield code="a">spa </subfield>
    <subfield code="h">ger</subfield>
  </datafield>
  <datafield tag="043" ind1=" " ind2=" ">
    <subfield code="a">e-gx---</subfield>
  </datafield>
  <datafield tag="082" ind1="0" ind2="4">
    <subfield code="a">AN</subfield>
    <subfield code="b">EDVf</subfield>
  </datafield>
  <datafield tag="245" ind1="1" ind2="0">
    <subfield code="a">Una familia normal / </subfield>
    <subfield code="c">Mattias Edvardsson ; traducci&#xF3;n del sueco de Pontus S&#xE1;nchez.</subfield>
  </datafield>
  <datafield tag="260" ind1=" " ind2=" ">
    <subfield code="a">Colombia : </subfield>
    <subfield code="b">Penguin Random House Grupo Editorial, </subfield>
    <subfield code="c">2021.</subfield>
  </datafield>
  <datafield tag="300" ind1=" " ind2=" ">
    <subfield code="a">477 p&#xE1;g. : </subfield>
    <subfield code="b">il. ; </subfield>
    <subfield code="c">23 cm.</subfield>
  </datafield>
  <datafield tag="500" ind1=" " ind2=" ">
    <subfield code="a">Si la polic&#xED;a acusa a tu hija de asesinato, &#xBF;hasta d&#xF3;nde llegar&#xED;as para mantener unida a tu familia?

Adam y Ulrika, un matrimonio normal, viven con su hija Stella, de dieciocho a&#xF1;os, en una zona agradable en las afueras de Lund. En apariencia, su vida es perfecta... hasta que un d&#xED;a dicha ilusi&#xF3;n se trunca de ra&#xED;z cuando Stella es arrestada por haber asesinado brutalmente a un hombre casi quince a&#xF1;os mayor que ella. Su padre, un respetado pastor de la Iglesia sueca, y su madre, una conocida abogada defensora criminal, deber&#xE1;n replantearse su paradigma &#xE9;tico mientras la defienden e intentan comprender por qu&#xE9; es la principal sospechosa del crimen. &#xBF;Hasta d&#xF3;nde llegar&#xE1;n para proteger a su hija? &#xBF;Saben realmente c&#xF3;mo es? Y m&#xE1;s preocupante a&#xFA;n: &#xBF;acaso se conocen el uno al otro?</subfield>
  </datafield>
  <datafield tag="650" ind1=" " ind2=" ">
    <subfield code="a">Familia</subfield>
    <subfield code="v">Novela Adulto.</subfield>
  </datafield>
  <datafield tag="942" ind1=" " ind2=" ">
    <subfield code="2">ddc</subfield>
    <subfield code="c">BKLIT</subfield>
  </datafield>
  <datafield tag="949" ind1=" " ind2=" ">
    <subfield code="a">n                       </subfield>
    <subfield code="b">n</subfield>
  </datafield>
  <datafield tag="999" ind1=" " ind2=" ">
    <subfield code="c">14371</subfield>
    <subfield code="d">14371</subfield>
  </datafield>
  <datafield tag="952" ind1=" " ind2=" ">
    <subfield code="0">0</subfield>
    <subfield code="1">0</subfield>
    <subfield code="2">ddc</subfield>
    <subfield code="4">0</subfield>
    <subfield code="7">0</subfield>
    <subfield code="8">LA</subfield>
    <subfield code="a">BPMOS</subfield>
    <subfield code="b">BPMOS</subfield>
    <subfield code="d">2022-07-06</subfield>
    <subfield code="e">Compra BPSJBM 2022</subfield>
    <subfield code="i">NT</subfield>
    <subfield code="l">3</subfield>
    <subfield code="m">1</subfield>
    <subfield code="o">AN EDVf</subfield>
    <subfield code="p">MOS502478</subfield>
    <subfield code="r">2026-02-21</subfield>
    <subfield code="s">2026-02-04</subfield>
    <subfield code="t">EJ. 1</subfield>
    <subfield code="w">2022-07-06</subfield>
    <subfield code="y">BKLIT</subfield>
    <subfield code="z">Quince d&#xED;as</subfield>
  </datafield>
</record>
